Normal view MARC view
  • Historia constitucional

Entry Materia

Number of records used in: 14

001 - NÚMERO DE CONTROL DEL REGISTRO

  • campo de control: 6652

003 - IDENTIFICADOR DE NUMERO DE CONTROL

  • campo de control: MX-MxUPN

005 - FECHA Y HORA DE LA ÚLTIMA TRANSACCIÓN

  • campo de control: 20251203090000.0

008 - DATOS DE LONGITUD FIJA

  • campo de control de longitud fija: 251203n| acnnnbabn | ana |d

035 ## - NÚMERO DE CONTROL DEL SISTEMA

  • Número de control del sistema: UPN10000006654

040 ## - FUENTE DE LA CATALOGACIÓN

  • Centro catalogador de origen: MX-MxUPN
  • Lengua de catalogación: spa
  • Agencia de transcripción: MX-MxUPN

150 ## - ENCABEZAMIENTO - TEMÁTICO

  • Término de materia o nombre geográfico como elemento inicial: Historia constitucional

360 ## - REFERENCIA COMPLEJA DE VÉASE ADEMÁS - MATERIA

  • Texto explicativo: la subdivisión
  • Encabezamiento al que se remite: HISTORIA CONSTITUCIONAL
  • Texto explicativo: bajo países, estados, etc., ej.:
  • Encabezamiento al que se remite: MEXICO - HISTORIA CONSTITUCIONAL

450 ## - VÉASE - MATERIA

  • Encabezamiento temático: Derecho constitucional -
  • Subdivisión temática general: Historia

450 ## - VÉASE - MATERIA

  • Encabezamiento temático: Historia moderna constitucional

670 ## - FUENTE EN LA QUE SE LOCALIZARON DATOS

  • Cita de la fuente: E

902 ## - CATALOGADOR

  • Catalogador: BDV/250507